Документи за католическата дейност в България през XVII век (Запис номер 131687)
[ съкратено ]
| 000 -Лидер | |
|---|---|
| Контролно поле с фиксирана дължина | 02722nam a2200517 a 4500 |
| 003 - Код на организацията, давaща контролен номер | |
| Контролно поле | BLK |
| 005 - Дата и час на последна редакция | |
| Контролно поле | 20250128005501.0 |
| 008 - Елементи от данни с фиксирана дължина | |
| fixed length control field | 180409b bul|||||r ||||||| ||bul|| |
| 010 ## - Наследен системен номер | |
| LC control number | KNG00137520000 |
| 040 ## - Източник на каталожния запис | |
| Идентификатор на билиотеката - собственик на записа | BLK |
| 041 ## - Код за език | |
| Код за езика на текст/звукозапис или на отделно заглавие | Български |
| Код за езика КДБФ | Български |
| 072 #7 - Код за тематичната категория | |
| Код организация | bullib |
| Код за тематична категория | К |
| Текст | Краезнание |
| 080 ## - УДК | |
| Текстов определител УДК | Османско владичество (14 - 19 век). България през периода на късния феодализъм |
| УДК код - определител по УДК | 94(497.2)"1396/1878" |
| УДК определител | (093.2) |
| УДК - код + определител | 94(497.2)"1396/1878"(093.2) |
| 139 ## - Редно поле | |
| Редна дума | Документи за католическата дейност в България през XVII век |
| Авторски знак | Доку - Д 74 |
| 245 10 - Сведения за заглавието | |
| Заглавие | Документи за католическата дейност в България през XVII век |
| Подзаглавни данни | Сб. |
| Редно поле (дума) | състав. Борислав Примов; прев. от итал. Борислав Примов; прев. от итал. Петър Сарийски; с предг. от Борислав Примов; с предг. от Милчо Йовков; комент. Милчо Йовков. |
| 257 ## - Страна на издаване | |
| Страна на създаване/издаване | България |
| 260 ## - Област на издателските данни | |
| Място на издаване, разпространение и проч. | София |
| Име на издателя, разпространителя и проч. | Унив. изд. Св. Климент Охридски |
| Година на издаване | 1993 |
| 300 ## - Физическа характеристика | |
| Страници | 555 с. |
| Илюстрации и др. | 4 л. факс. |
| Размери/Мащаб | 20 см |
| 380 ## - Жанр | |
| Жанр | История |
| 490 ## - СЕРИИ (Колекции) | |
| Име на серия | Библиотека Архив |
| 9 (RLIN) | 205891 |
| 500 ## - Общи забележки | |
| Забележка | Други състав. : П. Сарийски, М. Йовков. - Именен, геогр. показалец. - Офс. изд. |
| 650 #0 - Допълнително описание по предмет – тема | |
| Основно описание – тема или топоним | България - история, османско владичество |
| 9 (RLIN) | 245876 |
| 650 #4 - Допълнително описание по предмет – тема | |
| Основно описание – тема или топоним | Католическа църква - България - история |
| 9 (RLIN) | 242256 |
| 650 #0 - Допълнително описание по предмет – тема | |
| Основно описание – тема или топоним | България - история - документи |
| 9 (RLIN) | 250313 |
| 651 #4 - Допълнително описание по предмет - топоним | |
| Географско понятие | България |
| 9 (RLIN) | 241624 |
| 653 ## - Ключова дума – ненормативна | |
| Ключова дума | българска история |
| 653 ## - Ключова дума – ненормативна | |
| Ключова дума | османско владичество |
| 653 ## - Ключова дума – ненормативна | |
| Ключова дума | документи |
| 653 ## - Ключова дума – ненормативна | |
| Ключова дума | католическа църква |
| 659 ## - Тематичен бюлетин | |
| Тематичен бюлетин | К |
| 700 1# - Други автори (авторска отговорност) | |
| Лично име | Примов, Борислав |
| Автороска отговорност (Описва отношението между автора и произведението) | състав. |
| 9 (RLIN) | 322838 |
| 700 1# - Други автори (авторска отговорност) | |
| Лично име | Примов, Борислав |
| Автороска отговорност (Описва отношението между автора и произведението) | прев. от итал. |
| 9 (RLIN) | 378264 |
| 700 1# - Други автори (авторска отговорност) | |
| Лично име | Сарийски, Петър |
| Автороска отговорност (Описва отношението между автора и произведението) | прев. от итал. |
| 9 (RLIN) | 322839 |
| 700 1# - Други автори (авторска отговорност) | |
| Лично име | Примов, Борислав |
| Автороска отговорност (Описва отношението между автора и произведението) | с предг. от |
| 9 (RLIN) | 378264 |
| 700 1# - Други автори (авторска отговорност) | |
| Лично име | Йовков, Милчо |
| Автороска отговорност (Описва отношението между автора и произведението) | с предг. от |
| 9 (RLIN) | 322840 |
| 700 1# - Други автори (авторска отговорност) | |
| Лично име | Йовков, Милчо |
| Автороска отговорност (Описва отношението между автора и произведението) | комент. |
| 9 (RLIN) | 378265 |
| 852 ## - Местоположение | |
| Форматна сигнатура | Цб 174354 |
| Фондова буква | Хранилище |
| 852 ## - Местоположение | |
| Форматна сигнатура | К 94(497.2)/Д 74 |
| 856 4# - Електронен адрес и достъп | |
| Електронен формат | pdf - файл |
| Инструкция (цена за достъп) | 0.00 |
| Права за достъп | disable |
| 856 4# - Електронен адрес и достъп | |
| Електронен формат | pdf - файл |
| Инструкция (цена за достъп) | 0.00 |
| Права за достъп | disable |
| 999 ## - СИСТЕМНИ КОНТРОЛНИ НОМЕРА | |
| Koha biblionumber | 131687 |
| Koha biblioitemnumber | 131687 |
| 942 ## - АРТИКУЛИ | |
| Вид на библиотечния материал | Книги |
| Скрит в OPAC | Не |
| Периодичен библиозапис | Да |
| 944 ## - СЪЗДАВАНЕ И РЕДАКЦИЯ на ЗАПИСА | |
| Създаване/Редакция | Създаване |
| Дата на регистрацията/редакция | 19.12.2012 |
| Статус, дата на статуса | CRON CRON |
| Служител, извършил регистрацията/редакцията | |
| 944 ## - СЪЗДАВАНЕ И РЕДАКЦИЯ на ЗАПИСА | |
| Създаване/Редакция | Редакция |
| Дата на регистрацията/редакция | 20.12.2012 |
| Статус, дата на статуса | 19.12.2012 - от С1,Р / 19.12.2012 |
| 999 ## - СИСТЕМНИ КОНТРОЛНИ НОМЕРА | |
| Koha biblioitemnumber | 131687 |
| 999 ## - СИСТЕМНИ КОНТРОЛНИ НОМЕРА | |
| Koha biblioitemnumber | 131687 |
| Код за отписване | Код за изгубен артикул | Източник на класификационната схема | Код за повреда | Коз за рестрикции | Код за отдаване | Артикулен № | Име на библиотеката - собственик | Име на библиотеката, в която се намира в момента | Статус (Текущо местоположение) | Дата на вписване в системата | Местоположение - отдел | Цена в лева | Инвентарен номер | Систематично азбучна сигнатура | Баркод | Номер на екземпляра | Цена в евро | Служебна бележка | Служебен тип на артикула | Бележка за публиката |
|---|---|---|---|---|---|---|---|---|---|---|---|---|---|---|---|---|---|---|---|---|
| Не е изгубен | Universal Decimal Classification | Не е повреден | без рестрикции | ползва се в читалня | 214883 | Регионална библиотека "Любен Каравелов" Русе | Регионална библиотека "Любен Каравелов" Русе | Хранилище | 1993-01-01 | Хранилище | 2.63 | 583059 | Цб 174354 | 120000583059 | 1 | 1.34 | Дост: Dp Вид: Д N: Сф Дата: 01.01.1993 | Книги | ||
| Изтеглен | Не е изгубен | Universal Decimal Classification | Не е повреден | без рестрикции | заемане за дома | 214884 | Регионална библиотека "Любен Каравелов" Русе | Регионална библиотека "Любен Каравелов" Русе | Заемна - подръчен фонд | 1993-01-01 | Заемна - подръчен фонд | 8.00 | 657331 | П 949.72.03/Д 74 | 657331 | 2 | 4.09 | N: Сф Дата: 01.01.1993 | Книги | |
| Изтеглен | Не е изгубен | Не е повреден | без рестрикции | заемане за дома | 214885 | Регионална библиотека "Любен Каравелов" Русе | Регионална библиотека "Любен Каравелов" Русе | 1993-01-01 | Заемна - подръчен фонд | 8.00 | 657329 | П 949.72.03/Д 74 | 657329 | 3 | 4.09 | N: Сф Дата: 01.01.1993 | Книги | Отч.N: 3 , Дата: 17.01.2018 | ||
| Не е изгубен | Universal Decimal Classification | Не е повреден | без рестрикции | ползва се в читалня | 214886 | Регионална библиотека "Любен Каравелов" Русе | Регионална библиотека "Любен Каравелов" Русе | Краезнание | 1993-01-01 | Краезнание | 8.00 | 657332 | К 94(497.2)/Д 74 | 120000657332 | 4 | 4.09 | N: Сф Дата: 01.01.1993 Дата инв: 06.11.2017 Бележки инв: К2017 | Книги |